000 00857nam a2200265Ia 4500
001 Para_4716
003 CHAP
008 220125s1934 xx 000 0 und d
010 _a203190
040 _cCHAP
090 _aPA FOLLETO 2116
100 _aGilbertson, G. I.
_947980
245 _aThe plum tree borer (Synanthedon pictipes G. & R.) :
_b its distribution, life history, economic importance and control /
_c G. I. Gilbertson
260 _aBrookings, South Dakota :
_b Agricultural Experiment Station
300 _a22 p.
440 _aSouth Dakota. Agr. Exp. Sta. Bull; 288
_9168841
650 _aSynanthedon pictipes Ciruela
_x Plagas
_9168842
901 _aPA FOLLETO 2116
902 _aA
905 _a0000001934 BRO 0000000000 00
910 _a1934
942 _cPARA
942 _cPARA
_d1
999 _c203190
_d203190